000 01118nam2a22002411 4500
001 RU\NLR\INFOCOMM6\1000360295
005 20250616231904.0
035 _a(NLR Aleph) 002273577
090 _a3975281
_c3975281
100 _a20031114d1969 |||y0rusy50 ca
101 0 _arus
102 _aRU
105 _ay |||||||||
200 1 _aИсследования по аэрогазодинамике перспективных самолетов
210 _d1969
_aБ. м.
461 0 _1001RU\NLR\INFOCOMM6\1000360258
_12001#$aСборник научных трудов Академии гражданской авиации$fАкад. гражд. авиации$vВып.37
_93975208
_aАкадемия гражданской авиации (Санкт-Петербург)
_cСПб.
_d1957 - 2005
_fАкад. гражд. авиации
_nАкад. ГА
_tСборник научных трудов Академии гражданской авиации
_vВып.37
801 1 _aRU
_bInfoComm
_c20031114
801 0 _aRU
_bNLR
_gPSBO
852 _aNLR
_jП10/1964
942 _cISSUE
980 _aNB
980 _aRUSPER